Basic Mechanical Engineering (Record no. 3722)

MARC details
000 -LEADER
fixed length control field 00406nam a22001697a 4500
005 - DATE AND TIME OF LATEST TRANSACTION
control field 20160623163034.0
008 - FIXED-LENGTH DATA ELEMENTS--GENERAL INFORMATION
fixed length control field 160623b xxu||||| |||| 00| 0 eng d
020 ## - INTERNATIONAL STANDARD BOOK NUMBER
ISBN 978-81-265-1878-4
041 ## - LANGUAGE CODE
Language code of text/sound track or separate title eng
082 ## - DEWEY DECIMAL CLASSIFICATION NUMBER
Item number 9440
100 ## - MAIN ENTRY--AUTHOR NAME
Personal name Agarwal, Basant
245 ## - TITLE STATEMENT
Title Basic Mechanical Engineering
260 ## - PUBLICATION, DISTRIBUTION, ETC. (IMPRINT)
Name of publisher Wily India
Year of publication 2013
300 ## - PHYSICAL DESCRIPTION
Number of Pages 363
650 ## - SUBJECT ADDED ENTRY--TOPICAL TERM
Topical Term Diploma Engineering
942 ## - ADDED ENTRY ELEMENTS (KOHA)
Koha item type Books
Holdings
Lost status Damaged status Home library Current library Shelving location Date acquired Cost, normal purchase price Full call number Accession Number Koha item type
    JRU Library   SHELF-45-J 23/06/2016 359.00 9440 9440 Books
    JRU Library   SHELF-45-J 23/06/2016 359.00 9440 9441 Books
    JRU Library     23/06/2016 359.00 9440 9442 Books
    JRU Library   SHELF-45-J 23/06/2016 359.00 9440 9443 Books
    JRU Library   SHELF-45-J 23/06/2016 359.00 9440 9444 Books